| 000 | 00653pam a2200229 a 4500 | ||
|---|---|---|---|
| 008 | |||
| 020 | _a034070179X (pbk.) | ||
| 049 | _aMAIN | ||
| 090 |
_aBF637.C6 _bHOU |
||
| 100 | 1 | _aHough, Margaret. | |
| 245 | 1 | 0 |
_aCounselling skills and theory / _cMargaret Hough. |
| 260 |
_aLondon : _bHodder Arnold, _cc1998. |
||
| 300 |
_axi, 276 p. : _bill. ; _c24 cm. |
||
| 504 | _aIncludes bibliographical references. | ||
| 500 | _aIncludes Index. | ||
| 650 | 0 | _aCounseling. | |
| 907 |
_a.b10275617 _b04-08-11 _c15-03-10 |
||
| 003 | |||
| 005 | 20230123125017.0 | ||
| 040 | _cNUST | ||
| 942 |
_cBOOKS _kBF637.C6 _mHOU |
||
| 999 |
_c134136 _d134136 |
||